000 00475nam a22001697a 4500
008 140114b xxu||||| |||| 00| 0 eng d
020 _a9780141036816
050 _aHB161.S652 2008
100 _aSmith, Adam
_96633
245 _aThe Invisible hand
260 _aHarmondsworth
_bPenguin Books
_c2008
300 _a127p.
_c18cm
440 _aGreat ideas
_nn.44
_96634
650 _aEconomics
_96635
650 _aClassical school of economics
_96636
942 _2lcc
_cMONOGRAPH
999 _c119560
_d119560